[Event "UZB-ch Men 2020"]
[Site "Tashkent"]
[Date "2020.03.15"]
[Round "5.3"]
[White "Vokhidov, Shamsiddin"]
[Black "Rakhmatullaev, Almas"]
[Result "1-0"]
[WhiteElo "2512"]
[BlackElo "2182"]
[Annotator "TA"]
[PlyCount "93"]
[EventDate "2020.03.11"]
[EventType "tourn"]
[EventCountry "UZB"]
[SourceTitle "playchess.com"]
[Source "ChessBase"]
[SourceQuality "1"]

{[%evp 12,93,16,11,34,34,38,32,41,47,54,51,47,50,58,39,56,53,42,11,80,78,69,56,77,16,20,13,116,110,112,103,124,106,85,20,18,6,64,64,49,0,0,0,254,-82,-85,-340,0,0,0,0,6,7,8,0,23,21,64,17,60,33,143,168,243,243,220,212,226,222,220,220,29969,29966,29978,29979,29962,631,473,433,418,411,404,390]} 1. e4 c6 2. d4 d5 3. e5 Bf5 4. h4 h5 5. Bd3 Bxd3 6. Qxd3 e6 7. Nf3 Ne7 {B12: Caro-Kann: Advance Variation.} 8. Bg5 Qb6 9. Nbd2 c5 {White is slightly better.} 10. dxc5 Qxc5 {[#]} 11. c4 $146 ({Predecessor:} 11. O-O Nbc6 12. a3 Ng6 13. Rfe1 Qb6 14. c4 d4 15. c5 Qxc5 16. Rac1 Qd5 17. Nc4 {0-1 (48) Gaffagan,S (2096)-Askin,M (2039) San Francisco 2016}) 11... Nbc6 12. O-O Ng6 13. Rac1 Ngxe5 14. Nxe5 Nxe5 15. Qb3 d4 (15... Bd6 $11 {keeps the balance.}) 16. Rfe1 $1 $16 {[%cal Re1e5][%mdl 1024] White has strong compensation.} ({Much weaker is} 16. Qxb7 $6 Qc6 $11) 16... Nc6 17. Ne4 Qb6 {next ...Qxb3 is good for Black.} 18. Qf3 (18. Qg3 $1 $16) 18... Qc7 $11 19. c5 Be7 (19... a5 $11) 20. Bxe7 $16 Qxe7 21. Nd6+ Kf8 22. Re4 Kg8 23. Rce1 (23. b4 $16) 23... Rf8 24. b4 Nxb4 ({Black should play} 24... b6 $11) 25. Qb3 $1 $14 {[%cal Re4e6] Threatens to win with Rxe6.} ({Inferior is} 25. Rb1 b6 $17) 25... Na6 26. Qc4 {[%cal Re4e6]} Qc7 $1 {[%cal Rc7c5]} 27. Re5 Rd8 $2 {[%mdl 8192] [#]} (27... Rh6 $11 {and Black has nothing to worry.}) 28. Qxd4 $2 {[#]} ({White must play} 28. Rxe6 $1 $18 {[%mdl 512] aiming for Re7!} fxe6 29. Qxe6+ Kh7 30. Nf7 $1 {[%mdl 512]}) 28... Nxc5 $1 $17 {[%mdl 512]} 29. Rg5 $2 {[%mdl 8192]} (29. Qxc5 $17 Qxc5 30. Rxc5 Rxd6 31. Rc7) 29... f6 $2 (29... f5 $19 30. Nb5 Rxd4 31. Nxc7 Kf7) 30. Rxc5 $11 Qxd6 31. Qc4 $1 Re8 32. Rc7 Kh7 33. Qc2+ f5 34. Rxb7 Qd5 35. Qc7 {[%csl Gb7][%cal Rc7g7]} Rhg8 36. Rxa7 (36. Qf7 $5 {[%cal Rf7h5]} f4 37. Rxa7 $16) 36... Ra8 ({Better is} 36... e5 $14) 37. Qf7 $40 {[%cal Rf7h5][%mdl 128] White attacks with force.} f4 (37... Qd2 $142 38. Qxh5+ Qh6 39. Qxh6+ Kxh6 40. Rxe6+ Kh5) 38. Rxa8 $18 ({Less strong is} 38. Rxe6 Qxe6 39. Qxe6 Rxa7 $11) 38... Rxa8 39. Rxe6 {[%mdl 4096] Endgame Rh6+! is the strong threat. KQR-KQR} Qd1+ 40. Kh2 Qg4 41. Re5 Qxh4+ $2 (41... Kh6 $18 42. Qe7 Rc8 43. Qd6+ Kh7 44. Qd3+ Kh8) 42. Kg1 Kh6 43. Re6+ Kh7 44. Rg6 (44. Qf5+ $142 Kh8 {[#]} 45. Qe5 $1 {[%mdl 512]} Rf8 46. Rh6+ Kg8 47. Qd5+ Rf7 48. Rb6 Kh7 49. Qxf7) 44... Rg8 45. Qf5 {And now Rg4+ would win.} Kh8 46. Rg5 g6 47. Rxg6 {Quite a comeback for White. Accuracy: White = 64%, Black = 62%.} 1-0

[Event "UZB-ch Men 2020"]
[Site "Tashkent"]
[Date "2020.03.15"]
[Round "5.4"]
[White "Sindarov, Javokhir"]
[Black "Nigmatov, Ortik"]
[Result "1/2-1/2"]
[WhiteElo "2557"]
[BlackElo "2447"]
[Annotator "TA"]
[PlyCount "91"]
[EventDate "2020.03.11"]
[EventType "tourn"]
[EventCountry "UZB"]
[SourceTitle "playchess.com"]
[Source "ChessBase"]
[SourceQuality "1"]

{[%evp 15,91,-10,-8,-18,0,0,6,-2,35,-9,56,19,52,31,8,-14,-29,-30,-30,-29,0,0,0,0,0,0,0,-18,0,0,0,0,0,0,58,27,65,34,22,23,47,59,91,89,122,121,130,75,109,63,55,86,79,4,4,0,30,0,83,23,24,18,48,18,42,0,0,0,0,-40,0,0,0,-34,0,0,0,-30]} 1. d4 Nf6 2. Nf3 g6 3. Bg5 Bg7 4. Nbd2 O-O 5. e4 d6 6. c3 h6 7. Bh4 c5 8. dxc5 dxc5 9. Bc4 {A48: 1 d4 Nf6 2 Nf3 g6: Torre, London and Colle Systems.} Nh5 10. Nf1 Bd7 11. Ne3 Nc6 (11... b5 $5 {[%cal Rb5c4]} 12. Bd5 Nc6 $11) 12. O-O {[#]} Qc8 $146 (12... g5 $11 13. Bg3 Nxg3 14. hxg3 Qc7) ({Predecessor:} 12... g5 13. Bg3 Nxg3 14. hxg3 Qc7 15. Nd5 Qd8 16. Qc2 g4 17. Nd2 e6 18. Ne3 Ne5 {0-1 (43) Salomone,N (1695)-Suarez,R (1717) IECG email 2006}) 13. Re1 b6 14. Nd5 {Hoping for Bb5.} e6 15. Ne7+ (15. Ne3 {is more complex.} Na5 16. e5 Bc6 17. Be2 Qc7 18. b4) 15... Nxe7 16. Bxe7 Re8 17. Bd6 Bc6 18. Qe2 e5 19. g3 $36 {[%mdl 2048] White is more active.} Qh3 20. Rad1 Rad8 21. b4 cxb4 22. cxb4 Rd7 23. b5 Bb7 24. Ba3 Kh7 (24... Nf6 $11) 25. Nh4 Rc8 26. Rxd7 (26. Bb3 {with more complications.} Nf6 27. f3 Bf8 28. Bxf8 Rxf8 29. Ng2) 26... Qxd7 27. Rd1 Qc7 28. Bb3 Bf8 29. Rc1 Bc5 30. Bxc5 bxc5 31. Qc4 (31. Qf3 $142) 31... Kg7 32. Rd1 Nf6 33. f3 Rb8 34. a4 (34. Ng2 $16) 34... Bc8 $1 $11 35. Qc3 Bh3 36. Ng2 Rd8 (36... c4 $11 {keeps the balance.} 37. Bxc4 (37. Qxc4 Qb6+ 38. Kh1 Be6 $11) 37... Be6) 37. Ne3 (37. Rxd8 $16 Qxd8 38. Kf2) 37... Rd4 38. Rc1 Qd6 39. Bc4 ({Much worse is} 39. Qxc5 Qxc5 40. Rxc5 Rd3 $17) (39. Nc4 $5 {[%cal Rc4d6]} Qc7 40. a5 $14) 39... Rd2 40. a5 Qd4 41. Qxd4 exd4 42. Nd1 Rg2+ 43. Kh1 Rd2 {[#] And now ...Bg2+ would win.} 44. Kg1 $1 Rg2+ 45. Kh1 {Black must now prevent Bf1.} Rd2 {...Bg2+ is the strong threat.} 46. Kg1 $1 {Accuracy: White = 64%, Black = 61%.} 1/2-1/2